| 000 | 01057nam a22003257a 4500 | ||
|---|---|---|---|
| 003 | CHAP | ||
| 005 | 20220817042103.0 | ||
| 008 | 971013s1979 r 00010 d | ||
| 010 | _a34194 | ||
| 011 | _a35166 | ||
| 035 | _a39282 | ||
| 040 | _cCHAP | ||
| 082 |
_a581.13 _bL8 |
||
| 100 | 0 | 0 |
_aLuckner, Martin. _968903 |
| 245 | _aRegulation of secondary product and plant hormone metabolism | ||
| 260 |
_aOxford : _bPergamon, _c1979 |
||
| 300 | _a247 p. | ||
| 490 | _aProceedings of the 12th FEBS Meeting | ||
| 590 |
_aBATCH-UPD _b10 _c20130110 _lUCH01 _h0233 |
||
| 590 |
_aBATCH-UPD _b10 _c20130110 _lUCH01 _h1552 |
||
| 590 |
_aCONVERSION _b10 _c20130109 _lUCH01 _h1319 |
||
| 650 | 1 | 4 | _aHormonas vegetales. |
| 650 | 1 | 4 |
_aPlantas _xMetabolismo. _988858 |
| 700 | 0 |
_aSchreiber, K. _9103171 |
|
| 710 | 0 |
_aFederation of European Biochemical Societies. Meeting, 12, Dresden, 1978. _939939 |
|
| 830 | 0 |
_aProceedings of the 12th FEBS Meeting _991724 |
|
| 901 | _aBK | ||
| 942 | _cLIBRO | ||
| 949 |
_a581.13 L8 _bBC _cLIBRO _d33724000522199 _eLIBRO _h56643 _i39282 _si |
||
| 999 |
_c34194 _d34194 |
||